000
00268nam a22001097a 4500
008
170112b xxu||||| |||| 00| 0 eng d
020
_a
578010373
041
_a
eng
080
_2
4TH
_a
618.2
245
_a
MAJOR ISSUES IN GERONTOLOGICAL NURSING
_c
LANTZ, J
942
_2
udc
_c
BK
999
_c
2763
_d
2763